Statistiken für Der Herr der Ringe: Kapitel

Klicken Sie hier um das Quiz zu spielen!

Allgemein

  • Dieses Quiz wurde 28 mal gespielt
  • Das Durchschnittsergebnis liegt bei 13 aus 62

Antwortstatistiken

Nr.KapitelBuch% Korrekt
2.Elronds RatDie Gefährten, Buch 2
57%
7.Helms KlammDie zwei Türme, Buch 1
57%
4.BaumbartDie zwei Türme, Buch 1
43%
6.LothlórienDie Gefährten, Buch 2
43%
1.Minas TirithDie Wiederkehr des Königs, Buch 1
43%
3.Der Ring geht nach SüdenDie Gefährten, Buch 2
39%
3.Der SchicksalsbergDie Wiederkehr des Königs, Buch 2
39%
5.Die Brücke von Khazad-dûmDie Gefährten, Buch 2
39%
7.Galadriels SpiegelDie Gefährten, Buch 2
39%
10.StreicherDie Gefährten, Buch 1
39%
1.Viele BegegnungenDie Gefährten, Buch 2
39%
6.Der Alte WaldDie Gefährten, Buch 1
35%
9.Die Grauen AnfurtenDie Wiederkehr des Königs, Buch 2
35%
9.Im Gasthaus Zum Tänzelnden PonyDie Gefährten, Buch 1
35%
1.Boromirs AbschiedDie zwei Türme, Buch 1
30%
2.Der Schatten der VergangenheitDie Gefährten, Buch 1
30%
1.Ein langerwartetes FestDie Gefährten, Buch 1
30%
10.Das Schwarze Tor öffnet sichDie Wiederkehr des Königs, Buch 1
26%
3.Die Uruk-haiDie zwei Türme, Buch 1
26%
9.Kankras LauerDie zwei Türme, Buch 2
26%
5.Der weiße ReiterDie zwei Türme, Buch 1
22%
2.Die Reiter von RohanDie zwei Türme, Buch 1
22%
11.Ein Messer im DunkelnDie Gefährten, Buch 1
22%
12.Flucht zur FurtDie Gefährten, Buch 1
22%
1.Sméagols ZähmungDie zwei Türme, Buch 2
22%
6.Viele AbschiedeDie Wiederkehr des Königs, Buch 2
22%
3.Wanderung zu drittDie Gefährten, Buch 1
22%
8.Abschied von LórienDie Gefährten, Buch 2
17%
4.Das Feld von CormallenDie Wiederkehr des Königs, Buch 2
17%
6.Der König der Goldenen HalleDie zwei Türme, Buch 1
17%
1.Der Turm von Cirith UngolDie Wiederkehr des Königs, Buch 2
17%
5.Eine aufgedeckte VerschwörungDie Gefährten, Buch 1
17%
7.In Tom Bombadils HausDie Gefährten, Buch 1
17%
4.Querfeldein zu den PilzenDie Gefährten, Buch 1
17%
10.Sarumans StimmeDie zwei Türme, Buch 1
17%
7.Denethors ScheiterhaufenDie Wiederkehr des Königs, Buch 1
13%
9.Der Große StromDie Gefährten, Buch 2
13%
11.Der PalantírDie zwei Türme, Buch 1
13%
9.Die letzte BeratungDie Wiederkehr des Königs, Buch 1
13%
10.Die Wege trennen sichDie Gefährten, Buch 2
13%
8.Nebel auf den HügelgräberhöhenDie Gefährten, Buch 1
13%
5.Das Fenster nach WestenDie zwei Türme, Buch 2
9%
2.Das Land des SchattensDie Wiederkehr des Königs, Buch 2
9%
5.Der Ritt der RohirrimDie Wiederkehr des Königs, Buch 1
9%
2.Der Weg der grauen ScharDie Wiederkehr des Königs, Buch 1
9%
4.Die Belagerung von GondorDie Wiederkehr des Königs, Buch 1
9%
2.Die Durchquerung der SümpfeDie zwei Türme, Buch 2
9%
8.Die Häuser der HeilungDie Wiederkehr des Königs, Buch 1
9%
3.Die Heerschau von RohanDie Wiederkehr des Königs, Buch 1
9%
8.Die Säuberung des AuenlandesDie Wiederkehr des Königs, Buch 2
9%
6.Die Schlacht auf dem PelennorDie Wiederkehr des Königs, Buch 1
9%
4.Kräuter und KaninchenpfefferDie zwei Türme, Buch 2
9%
10.Sam Gamdschies EntschlüsseDie zwei Türme, Buch 2
9%
7.Wanderung zur WegscheideDie zwei Türme, Buch 2
9%
4.Auf dunklen StraßenDie Gefährten, Buch 2
4%
6.Der bewachte FischteichDie zwei Türme, Buch 2
4%
5Der Stadthalter und der KönigDie Wiederkehr des Königs, Buch 2
4%
8.Der Weg nach IsengardDie zwei Türme, Buch 1
4%
8.Die Treppen von Cirith UngolDie zwei Türme, Buch 2
4%
7.HeimwärtsDie Wiederkehr des Königs, Buch 2
4%
9.Treibgut und BeuteDie zwei Türme, Buch 1
4%
3.Vor dem Schwarzen TorDie zwei Türme, Buch 2
4%

Verteilung der Resultate

Perzentil nach korrekt beantworteten Fragen

Anzahl Personen mit jedem Resultat

Ihre Resultats-Entwicklung

Sie haben dieses Quiz noch nicht gespielt